Southville International School and Colleges
Your cart is empty.
  • Cart
  • Lists
    Public lists Eva Luna New books Lux_list list_1
    Your lists Log in to create your own lists
  • Log in to your account
  • Your cookies
  • Search history
Southville International School and Colleges
  • Advanced search
  • Recent comments
  • Most popular
  • Libraries

Log in to your account

Log in with GOOGLE


If you do not have an external account, but do have a local account, you can still log in:

  1. Home
  2. MARC view: Preventing PC system disasters /
Normal view MARC view ISBD view

Preventing PC system disasters / (Record no. 39221)

[ view plain ]
MARC details
000 -LEADER
fixed length control field 00480nam a2200181 a 4500
005 - DATE AND TIME OF LATEST TRANSACTION
control field 20140311163002.0
008 - FIXED-LENGTH DATA ELEMENTS--GENERAL INFORMATION
fixed length control field 020823s19uu xx 00 eng d
020 ## - INTERNATIONAL STANDARD BOOK NUMBER
International Standard Book Number 9718995145
050 ## - LIBRARY OF CONGRESS CALL NUMBER
Classification number QA 76.9.F34
Item number .P944 1998
100 ## - MAIN ENTRY--PERSONAL NAME
Personal name Plaza, Gerry
245 ## - TITLE STATEMENT
Title Preventing PC system disasters /
Statement of responsibility, etc Gerry Plaza.
260 ## - PUBLICATION, DISTRIBUTION, ETC. (IMPRINT)
Place of publication, distribution, etc Quezon City :
Name of publisher, distributor, etc NBS,
Date of publication, distribution, etc 1998.
300 ## - PHYSICAL DESCRIPTION
Extent 126 p. :
Dimensions 22 cm.
521 ## - TARGET AUDIENCE NOTE
Target audience note
650 ## - SUBJECT ADDED ENTRY--TOPICAL TERM
Topical term or geographic name as entry element Computer
General subdivision maintenance
942 ## - ADDED ENTRY ELEMENTS (KOHA)
Koha item type Books
Source of classification or shelving scheme Library of Congress Classification
Call number prefix Foreign
Holdings
Withdrawn status Lost status Source of classification or shelving scheme Damaged status Home library Current library Shelving location Date acquired Cost, normal purchase price Total Checkouts Full call number Barcode Date last seen Copy number Price effective from Koha item type
    Library of Congress Classification   College Library College Library General Circulation Section 08/23/2002 100.00   QA 76.9.F34 .P944 1998 C0383 05/15/2018 1 10/10/2013 Books

Preventing PC system disasters /

APA

Plaza G., . (1998). Preventing PC system disasters. Quezon City: NBS.

Chicago

Plaza Gerry, . 1998. Preventing PC system disasters. Quezon City: NBS.

Harvard

Plaza G., . (1998). Preventing PC system disasters. Quezon City: NBS.

MLA

Plaza Gerry, . Preventing PC system disasters. Quezon City: NBS. 1998.

  • Place hold
  • Print
  • Cite
  • Add to your cart (remove)
  • Save record
    BIBTEX Dublin Core MARCXML MARC (non-Unicode/MARC-8) MARC (Unicode/UTF-8) MARC (Unicode/UTF-8, Standard) MODS (XML) RIS
  • More searches
    Search for this title in:
    Other Libraries (WorldCat) Other Databases (Google Scholar) Online Stores (Bookfinder.com) Open Library (openlibrary.org)

Exporting to Dublin Core...

SOUTHVILLE LIBRARY

Southville International School and Colleges Library

1281 Tropical Ave. Cor. Luxembourg St., BF Homes International, Las Pinas City

Tel. No. 8256374 / 252358 Loc. 117/146

Powered by Koha